| 000 | 00995nam a22002777a 4500 | ||
|---|---|---|---|
| 001 | 7775 | ||
| 003 | FISKH | ||
| 005 | 20250805161310.0 | ||
| 008 | 250805b cb ||||| |||| 00| 0 eng d | ||
| 020 | _a9780545485357 | ||
| 040 |
_aFISKH _beng _cFISKH _dFISKH |
||
| 050 | _aS519 .P445 | ||
| 082 | _a581.4 | ||
| 100 | _aPeterson, Cris | ||
| 245 |
_aSeed soil sun : _bearth's recipe for food / _cBy Chris Peterson: Photographs by David R. Lundquist |
||
| 260 |
_aNew York : _bScholastic , _c2010. |
||
| 300 |
_a32 unnumbered pages : _bcolor illustrations ; _c27 cm . |
||
| 505 | _aK | ||
| 520 | _aIntroduces children to the subject of agriculture, showing not only how plants germinate, grow and produce food, but also about the composition of soil and the creatures who live in it. | ||
| 521 | 8 |
_a510
_bLexile estimate |
|
| 521 | 8 |
_aK
_bRaz-Plus |
|
| 650 |
_aAgronomy _vNon-fiction |
||
| 700 |
_aLundquist, David R. _eIllustrator |
||
| 942 |
_2ddc _cBK _n0 |
||
| 999 |
_c7775 _d7775 |
||